The story hour / (Record no. 8585)

MARC details
000 -LEADER
fixed length control field 00814nam a22002417a 4500
001 - CONTROL NUMBER
control field 8585
003 - CONTROL NUMBER IDENTIFIER
control field FISKH
005 - DATE AND TIME OF LATEST TRANSACTION
control field 20251002100557.0
008 - FIXED-LENGTH DATA ELEMENTS--GENERAL INFORMATION
fixed length control field 251002b cb ||||| |||| 00| 0 eng d
040 ## - CATALOGING SOURCE
Original cataloging agency FISKH
Language of cataloging eng
Transcribing agency FISKH
Modifying agency FISKH
050 ## - LIBRARY OF CONGRESS CALL NUMBER
Classification number PZ5.B488 S
082 ## - DEWEY DECIMAL CLASSIFICATION NUMBER
Classification number 808.8
100 ## - MAIN ENTRY--PERSONAL NAME
Personal name Bjoland, Esther M.
245 ## - TITLE STATEMENT
Title The story hour /
Statement of responsibility, etc. Compiled by Esther M. Bjoland
260 ## - PUBLICATION, DISTRIBUTION, ETC.
Place of publication, distribution, etc. Chicago :
Name of publisher, distributor, etc. Standard Educational Corporation,
Date of publication, distribution, etc. 1992.
300 ## - PHYSICAL DESCRIPTION
Extent 197 pages :
Other physical details color illustrations ;
Dimensions 27 cm
490 ## - SERIES STATEMENT
Series statement Child Horizons
505 ## - FORMATTED CONTENTS NOTE
Formatted contents note NP<br/>
520 ## - SUMMARY, ETC.
Summary, etc. A selection of stories, folk and fairy tales, and poems by such authors as Elizabeth Coatsworth, H. C. Andersen, R. L. Stevenson, Rachel Field, and others.
650 ## - SUBJECT ADDED ENTRY--TOPICAL TERM
Topical term or geographic name entry element Nursery Rhymes
Form subdivision Storybook
General subdivision Phonics
942 ## - ADDED ENTRY ELEMENTS (KOHA)
Source of classification or shelving scheme Dewey Decimal Classification
Koha item type Books
Suppress in OPAC No
Holdings
Withdrawn status Lost status Source of classification or shelving scheme Damaged status Not for loan Collection Home library Current library Shelving location Date acquired Total Checkouts Full call number Barcode Date last seen Copy number Price effective from Koha item type
    Dewey Decimal Classification     Juvenile Fiction Footprints International School Library Network Toul Kork Campus Footprints International School Library Network Toul Kork Campus Librarian's Shelf TK 10/02/2025   BJO 808.8 PZ5.B488 S 2025-4459 10/02/2025 1 10/02/2025 Books